Vista normal
Vista MARC
Problemas de Aprendizaje (Registro nro. 921)
[ vista simple ]
| 000 -Cabecera (24) | |
|---|---|
| Campo de control interno | 01392nam a22002537a 4500 |
| 005 - Fecha y hora de la | |
| Campo de control | 20190814115606.0 |
| 008 - Códigos de longitud fija (40p) | |
| Campo de control de longitud fija | 170505b pe||||| |||| 00| 0 spa d |
| 040 ## - Origen de la Catalogacion | |
| Centro catalogador/agencia de origen | UTEA |
| 041 ## - Código de idioma (R) | |
| Código de lengua del texto/banda sonora o título independiente (R) | Es |
| 044 ## - COUNTRY OF PUBLISHING/PRODUCING ENTITY CODE | |
| MARC country code | PE |
| 082 ## - Número de la Clasificación | |
| Número de la Clasificación | 370.15 |
| Notación Interna | O465 |
| 100 ## - Autor Personal | |
| Autor Personal | Olórtegui Miranda, Felipe Valdemar |
| Término indicativo de función (R) | Autor |
| 245 ## - Titulo | |
| Titulo | Problemas de Aprendizaje |
| Mención del autor | Felipe Valdemar Olórtegui Miranda |
| 250 ## - Mencion de edicion | |
| Mencion de edicion | a edición |
| 260 ## - Editorial | |
| Ciudad | Lima - Perú |
| Nombre de la Editorial | San Marcos |
| Fecha | 1998 |
| 300 ## - Descripcion | |
| Páginas | 310 páginas. |
| Otros detalles físicos | Cuadros, Figuras, Fotos.. |
| Dimensiones | 14 x 20 cm. |
| 505 ## - Nota de contenido formateada | |
| Nota de contenido formateada Índice del Libro] | Problemas del aprendizaje -- Problemas del aprendizaje de causa emocional -- Alteraciones por causas orgánicas -- Los trastornos orgánicos y el aprendizaje -- Impedidos Físicos e irregulares sociales -- El niño problema -- Las emociones -- El niño hospitalizado. |
| 520 ## - Resumen | |
| Resumen | Este libro trata de los problemas del aprendizaje afectan a 1 de cada 10 niños en edad escolar. Son problemas que pueden ser detectados en los niños a partir de los 5 años de edad y constituyen una gran preocupación para muchos padres ya que afectan al rendimiento escolar y a las relaciones interpersonales de sus hijos. |
| 650 #0 - Temas - Descriptores | |
| Temas - Descriptores | PROBLEMAS DE APRENDIZAJE |
| 9 (RLIN) | 5626 |
| 650 #0 - Temas - Descriptores | |
| Temas - Descriptores | CAUSAS EMOCIONALES |
| 9 (RLIN) | 5701 |
| 650 #0 - Temas - Descriptores | |
| Temas - Descriptores | ALTERACIONES ORGÁNICAS |
| 9 (RLIN) | 5702 |
| 653 ## - Palabras Claves | |
| Palabras Claves | EDUCACIÓN |
| -- | APRENDIZAJE |
| -- | CAUSAS ORGÁNICAS |
| -- | COMPARTAMIENTO |
| 942 ## - Datos personalizados Koha | |
| Esquema de Clasificacion | Dewey Decimal Classification |
| Tipo de Documento | Libros |
| Catalogador | |
| Estado de retiro | Estado de pérdida | Fuente de Clasificacion | Estado | No para préstamo | Escuela Profesional/ Mención de Maestría | Localización permanente | Ubicación/localización actual | Ubicación en estantería | Fuente de adquisición | Número de inventario | Precio dolares | Signatura topográfica completa | Código de barras | Precio válido a partir de | Tipo de ítem Koha |
|---|---|---|---|---|---|---|---|---|---|---|---|---|---|---|---|
| Dewey Decimal Classification | E.P. Educación | Biblioteca Abancay UTEA | Biblioteca Abancay UTEA | Área de Letras y Humanidades (primer Piso) | Compra | 35140735 | 05/05/2017 | 370.15 O46 2000 | BABA17050037 | 05/05/2017 | Libros |